Optimalizácia multimediálnych relácií prístupom SIP Single Port

Gespeichert in:
Bibliographische Detailangaben
1. Verfasser: Galinski, Marek (Verfasst von)
Weitere Verfasser: Kotuliak, Ivan (Betreuung Doktorarbeit)
Format: Manuskript Buch
Sprache:Slowakisch
Englisch
Veröffentlicht: 2016
Schlagworte:
Online-Zugang:http://is.stuba.sk/zp/portal_zp.pl?podrobnosti=131367
Tags: Tag hinzufügen
Keine Tags, Fügen Sie das erste Tag hinzu!

MARC

LEADER 00000ntm a22000003a 4500
001 stuzp58915
003 SK-STU
005 20210216092102.6
007 ta
008 150427s2015----xo-----f-mn---000-0-slo-d
040 |a STU  |b slo 
041 0 |a eng 
100 1 |a Galinski, Marek  |u 070400  |k Z4  |4 aut  |U FIIT Fakulta informatiky a informačných technológií  |T FIIT Ústav počítačového inžinierstva a aplikovanej informatiky  |X 8412  |U I400  |Y 672  |7 8412 
242 0 1 |a Optimalizácia multimediálnych relácií prístupom SIP Single Port  |y slo 
245 1 0 |a Optimalizácia multimediálnych relácií prístupom SIP Single Port 
260 |c 2016 
650 4 |a SIP Single Port  |2 slo 
650 4 |a VoIP  |2 slo 
650 4 |a Multimediálne relácie  |2 slo 
650 4 |a SIP Single Port  |2 eng 
650 4 |a VoIP  |2 eng 
650 4 |a Multimedia sessions  |2 eng 
700 1 |a Kotuliak, Ivan  |u 070400  |k Z1  |4 ths  |U FIIT Fakulta informatiky a informačných technológií  |T FIIT Ústav počítačového inžinierstva a aplikovanej informatiky  |X 1883  |U I400  |Y 672  |7 1883 
856 4 |u http://is.stuba.sk/zp/portal_zp.pl?podrobnosti=131367 
996 |b 8187  |c I* DIP 11/2016  |l II680  |s P  |a 0  |w stuzp58915_0001 
SQL |a stuzp58915  |b DDP  |c ENG  |d Optimalizácia multimediálnych relácií prístupom SIP Single Port  |e 8412  |f Galinski, Marek  |g 070400  |h 1883  |i Kotuliak, Ivan  |j 20160614  |k 211  |l 07  |m http://is.stuba.sk/zp/portal_zp.pl?podrobnosti=131367  |n I-SI2  |o 9.2.5. softvérové inžinierstvo